LIBRARY & INFORMATION CENTRE, KCAET, TAVANUR

ONLINE PUBLIC ACCESS CATALOGUE (OPAC)

Research methodology : Methods and Techniques / (Record no. 3229)

MARC details
000 -LEADER
fixed length control field 00453cam a2200181ua 4500
020 ## - INTERNATIONAL STANDARD BOOK NUMBER
ISBN 81-7328-036-3
041 ## - LANGUAGE CODE
Language code of text/sound track or separate title eng
082 ## - DEWEY DECIMAL CLASSIFICATION NUMBER
Classification number 001.42
Item number KOT/RE
100 ## - MAIN ENTRY--AUTHOR NAME
Personal name Kothari, C R .
245 ## - TITLE STATEMENT
Title Research methodology : Methods and Techniques /
250 ## - EDITION STATEMENT
Edition statement 2 /
260 ## - PUBLICATION, DISTRIBUTION, ETC. (IMPRINT)
Place of publication :
Name of publisher Wiley Eastern Ltd ,
Year of publication 1985.
300 ## - PHYSICAL DESCRIPTION
Number of Pages 492 ; .
942 ## - ADDED ENTRY ELEMENTS (KOHA)
Koha item type Books
Holdings
Withdrawn status Lost status Damaged status Home library Current library Date acquired Full call number Accession Number Koha item type
      KAUAET KAUAET 31/03/1986 001.42 15285 Books
      KAUAET KAUAET 07/04/2012 001.42 19521 Books
free website counter